000 00292nam a22001337a 4500
008 170203b xxu||||| |||| 00| 0 eng d
020 _a1880696148
041 _aeng
080 _27TH
_a61
100 _a3
101 _a61
245 _aATLA STUDET COURSE MANUAL
_cDAVID HOYT
942 _2udc
_cBK
999 _c4545
_d4545